000 01827cam a22004217a 4500
001 18255345
003 ASAB
005 20260101105527.0
008 140805s2014 caua b 001 0 eng d
010 _a 2014395753
016 7 _a016611792
_2Uk
020 _a9780127999630
020 _a0127999639
035 _a18255345
035 _a(OCoLC)866615521
040 _aBTCTA
_beng
_cBTCTA
_dUKMGB
_dBDX
_dYDXCP
_dSTF
_dOCLCO
_dLTSCA
_dDLC
042 _alccopycat
050 0 0 _aSB747.O95
_bO95 2014
082 0 4 _a571.2
_223
245 0 0 _aOxidative damage to plants :
_bantioxidant networks and signaling /
_cedited by Parvaiz Ahmad.
260 _aSan Diego, CA :
_bAcademic Press,
_cc2014.
300 _axxix, 635 p. :
_bill. ;
_c24 cm.
336 _atext
_btxt
_2rdacontent
337 _aunmediated
_bn
_2rdamedia
338 _avolume
_bnc
_2rdacarrier
504 _aIncludes bibliographic references and index.
520 8 _aWith contributions that review research on this topic throughout the world, this book covers key areas of discovery, from the generation of reactive oxygen species (ROSs), their mechanisms, quenching of these ROSs through enzymatic and non-enzymatic antioxidants, and detailed aspects of such antioxidants as SOD, CAT and ascorbate.--
_cSource other than Library of Congress.
650 0 _aPlants
_xEffect of oxygen on.
_9132665
650 0 _aOxidative stress.
_9132666
650 0 _aActive oxygen.
_9132667
650 0 _aAntioxidants.
_9132668
700 1 _aAhmad, Parvaiz.
_9132547
856 4 2 _3Publisher description
_uhttp://www.loc.gov/catdir/enhancements/fy1606/2014395753-d.html
906 _a7
_bcbc
_ccopycat
_d2
_encip
_f20
_gy-gencatlg
942 _2ddc
_cBK
999 _c615751
_d615751